Marketing, komunikácia a identita vzdelávacích inštitúcií vedecká monografia
Na minha lista:
| Autor principal: | |
|---|---|
| Outros Autores: | |
| Formato: | Livro |
| Idioma: | eslovaco |
| Publicado em: |
Trnava
Fakulta masmediálnej komunikácie UCM v Trnave
2016
|
| Edição: | 1. vydanie |
| Assuntos: | |
| Tags: |
Sem tags, seja o primeiro a adicionar uma tag!
|
MARC
| LEADER | 00000nam a2200000 4500 | ||
|---|---|---|---|
| 001 | 0274039 | ||
| 005 | 20240314100553.6 | ||
| 020 | |a 978-80-8105-834-9 | ||
| 041 | 0 | |a slo | |
| 044 | |a SK | ||
| 245 | 1 | 0 | |a Marketing, komunikácia a identita vzdelávacích inštitúcií |b vedecká monografia |c Jakub Ptačin, Ľudmila Čábyová |
| 250 | |a 1. vydanie | ||
| 264 | 1 | |a Trnava |b Fakulta masmediálnej komunikácie UCM v Trnave |c 2016 | |
| 300 | |a 163 s. | ||
| 610 | 2 | 0 | |a vzdelávanie |
| 610 | 2 | 0 | |a vzdelávanie vysokoškolské |
| 610 | 2 | 0 | |a inštitúcie vzdelávacie |
| 610 | 2 | 0 | |a identita |
| 610 | 2 | 0 | |a imidž |
| 610 | 2 | 0 | |a marketing |
| 610 | 2 | 0 | |a komunikácia marketingová |
| 610 | 2 | 0 | |a konkurencieschopnosť |
| 100 | 1 | |a Ptačin, Jakub | |
| 700 | 1 | |a Čábyová, Ľudmila | |